Score 0/20 Timer 04:00
0 Plays Today
Lyrics Missing Word % Correct
Now, the dudes are lining up 'cause they hear we got ____, but we kick 'em to the curb unless they look like Mick Jagger.swagger
85.5%
Stacy, can't you see? You're just not the ____ for me. I know it might be wrong but I'm in love with Stacy's mom.girl
74%
A thousand miles seems pretty far, but they've got planes and trains and cars. I'd ____ to you if I had no other way.walk
73.6%
I'm so three-thousand-and-eight, you so two-thousand-and-____.late
70.7%
Now you're in New York. These streets will make you feel brand new, big ____ will inspire you.lights
58.7%
I've got a brand new attitude and I'm gonna wear it tonight. I wanna get in ___, I wanna start a fight.trouble
54.2%
Oh baby when you talk like that, you make a woman go mad. So be wise and keep on reading the ___ of my body.signs
53.5%
So we put our hands up like the ____ can't hold us.ceiling
52.4%
I don't think you ready for this ____.jelly
51.6%
S.O.S. please someone help me. It's not ____ for me to feel this way.healthy
47.5%
Lyrics Missing Word % Correct
But it's just the price I pay. Destiny is calling me. Open up my ____ eyes, 'cause I'm Mr. Brightside.eager
44.7%
It's hard to say that I'd rather stay awake when I'm asleep, 'cause ____ is never as it seems.everything
37.5%
Weep, little lion man. You're not as ____ as you were at the start.brave
35.1%
Love game intuition play the game with spades to start. And after he's been ____ I'll play the one that's on his heart.hooked
28.8%
I didn't get a lot in class, but I know it don't come in a ____ glass.shot
28.4%
I need you to hurry up now, 'cause I can't wait much longer. I know I got to be right now, 'cause I can't get much ____.wronger
26%
They try to pull me away, but they don't know the truth. My heart's ____ by the vein that I keep on closing.crippled
24.2%
That's right, put your ____ down, getting everybody fired up.pom poms
22.8%
I've got another confession, my friend. I'm no ____.fool
21.2%
I'm going to ____, far from this opera forevermore.Wichita
17.4%

Today's Daily Dose

Remove Ads.
Support Sporcle.
Get the best of Sporcle when you Go Orange. This ad-free experience offers more features, more stats, and more fun while also helping to support Sporcle. Thank you for becoming a member.

You're not logged in!

Compare scores with friends on all Sporcle quizzes.
OR
Log In

Show Comments

Extras

Top Quizzes Today


Score Distribution

Your Account Isn't Verified!

In order to create a playlist on Sporcle, you need to verify the email address you used during registration. Go to your Sporcle Settings to finish the process.

Report this User

Report this user for behavior that violates our Community Guidelines.

Details: